| 000 | nam a22 7a 4500 | ||
|---|---|---|---|
| 999 |
_c330364 _d330364 |
||
| 003 | NUST | ||
| 005 | 20170622123456.0 | ||
| 008 | 170622b xxu||||| |||| 00| 0 eng d | ||
| 020 | _a0395526930 | ||
| 040 | _c0 | ||
| 082 | _a620.1 ROB | ||
| 100 |
_aRoberson,John A. _93088 |
||
| 245 |
_aSolutions Manual Engineering Fluid Mechanics _cJohn A.Roberson |
||
| 260 |
_aBoston _bHoughton Mifflin Company _c1990. |
||
| 300 | _a324+p | ||
| 500 | _aP.B | ||
| 942 |
_2ddc _cBK _kIESE |
||